000 01775cam a2200385 a 4500
001 52584
003 ARRUPE
005 20211004085011.0
008 940216s1994 enk b 001 0 eng
010 _a 94060175
020 _a1850436444
040 _aDLC
_cDLC
_dDLC
043 _af-et---
050 0 0 _aDT388
_b.E79 1994
082 0 0 _a963.07
_221
245 0 0 _aEthiopia in change :
_bpeasantry, nationalism, and democracy /
_cedited by Abebe Zegeye and Siegfried Pausewang.
260 _aLondon :
_aNew York :
_bBritish Academic Press,
_c1994.
300 _axi, 333 p. ;
_c23 cm.
504 _aIncludes bibliographical references (p. [309]-321) and index.
650 0 _aDemocracy
_zEthiopia.
_944768
651 0 _aEthiopia
_xPolitics and government
_y1991-
_944770
651 0 _aEthiopia
_xPolitics and government
_y1974-1991.
_950185
651 0 _aEthiopia
_xEconomic conditions
_y1974-
_950186
651 0 _aEthiopia
_xEconomic policy.
_950187
700 0 _aAbebe Zegeye.
_950188
700 1 _aPausewang, Siegfried.
_950189
710 2 _aThomas Leiper Kane Collection (Library of Congress. Hebraic Section)
_5DLC
_924290
856 4 2 _3Publisher description
_uhttp://www.loc.gov/catdir/description/hol055/94060175.html
856 4 1 _3Table of contents
_uhttp://www.loc.gov/catdir/toc/hol052/94060175.html
856 4 2 _3Contributor biographical information
_uhttp://www.loc.gov/catdir/enhancements/fy0811/94060175-b.html
906 _a7
_bcbc
_corignew
_d2
_eopcn
_f19
_gy-gencatlg
942 _2lcc
_cMONOGRAPH
999 _c130640
_d130640